[Event "II MAGISTRAL VERANO ABC_COLOR 2014"]
[Site "Asuncion"]
[Date "2014.01.31"]
[Round "8"]
[White "Jimenez, Joaquin"]
[Black "Peralta, Eduardo"]
[Result "1/2-1/2"]
[WhiteElo "2190"]
[BlackElo "2212"]
[PlyCount "48"]
[EventDate "2014.01.25"]
[EventRounds "9"]
[EventCountry "PAR"]

1. e4 c5 2. Nf3 Nc6 3. Nc3 d6 4. d4 cxd4 5. Nxd4 Nf6 6. Bc4 e5 7. Nde2 Be6 8.
Bb3 Be7 9. Bg5 O-O 10. Qd2 h6 11. Bxf6 Bxf6 12. Rd1 Nd4 13. Nxd4 exd4 14. Nd5
Bxd5 15. Bxd5 Qb6 16. O-O Rac8 17. Bb3 a5 18. a4 Rc5 19. Qd3 Qc6 20. Rfe1 b5
21. axb5 Qxb5 22. Qxb5 Rxb5 23. Rd3 Rd8 24. Ra1 Rc5 1/2-1/2

[Event "II MAGISTRAL VERANO ABC_COLOR 2014"]
[Site "Asuncion"]
[Date "2014.01.31"]
[Round "8"]
[White "Almiron, Antonio"]
[Black "Valiente, Cristobal"]
[Result "1/2-1/2"]
[WhiteElo "2221"]
[BlackElo "2240"]
[PlyCount "33"]
[EventDate "2014.01.25"]
[EventRounds "9"]
[EventCountry "PAR"]

1. e4 c5 2. Nf3 e6 3. d4 cxd4 4. Nxd4 a6 5. Bd3 Bc5 6. Nb3 Be7 7. O-O d6 8. Nc3
Nf6 9. f4 Nbd7 10. Qf3 Qc7 11. Bd2 b5 12. a3 Bb7 13. Rae1 O-O 14. Qh3 e5 15.
Nd5 Nxd5 16. exd5 g6 17. f5 1/2-1/2

[Event "II MAGISTRAL VERANO ABC_COLOR 2014"]
[Site "Asuncion"]
[Date "2014.01.31"]
[Round "8"]
[White "Zacarias, M Ruben D"]
[Black "Gomez Benitez, Pedro"]
[Result "1-0"]
[WhiteElo "2174"]
[BlackElo "2058"]
[PlyCount "103"]
[EventDate "2014.01.25"]
[EventRounds "9"]
[EventCountry "PAR"]

1. e4 c6 2. d4 d5 3. Nc3 dxe4 4. Nxe4 Bf5 5. Ng3 Bg6 6. h4 h6 7. Nf3 Nd7 8. h5
Bh7 9. Bd3 Bxd3 10. Qxd3 e6 11. Bd2 Ngf6 12. O-O-O Be7 13. Kb1 O-O 14. Ne4 c5
15. g4 cxd4 16. g5 Nxe4 17. Qxe4 hxg5 18. Rdg1 Nc5 19. Qxd4 Qxd4 20. Nxd4 Ne4
21. Be3 Bc5 22. Rg2 Rfd8 23. c3 Bxd4 24. Bxd4 f6 25. f3 Nd6 26. f4 Nf5 27. fxg5
Nxd4 28. cxd4 Kh7 29. gxf6 gxf6 30. Rg6 Rf8 31. Rf1 Rad8 32. Rfxf6 Rxf6 33.
Rxf6 Rxd4 34. Rxe6 Rd7 35. h6 Rc7 36. Rf6 Kh8 37. b3 Kh7 38. Kb2 Kh8 39. Ka3
Kh7 40. Kb4 Rd7 41. a4 Rc7 42. Kb5 Rd7 43. Kc5 Rc7+ 44. Kd5 a5 45. Rb6 Rf7 46.
Re6 Rf5+ 47. Kc4 Rf4+ 48. Kc5 Rf3 49. Re7+ Kxh6 50. Rxb7 Kg6 51. Rb5 Kf6 52.
Kb6 1-0

[Event "II MAGISTRAL VERANO ABC_COLOR 2014"]
[Site "Asuncion"]
[Date "2014.02.01"]
[Round "9"]
[White "Gomez Benitez, Pedro"]
[Black "Cortes Orihuela, Javier"]
[Result "1-0"]
[WhiteElo "2058"]
[BlackElo "2146"]
[PlyCount "47"]
[EventDate "2014.01.25"]
[EventRounds "9"]
[EventCountry "PAR"]

1. d4 Nf6 2. c4 g6 3. Nc3 d5 4. cxd5 Nxd5 5. e4 Nxc3 6. bxc3 Bg7 7. Nf3 O-O 8.
Be2 c5 9. Rb1 cxd4 10. cxd4 Qa5+ 11. Bd2 Qxa2 12. O-O Bg4 13. Rxb7 Bxf3 14.
Bxf3 Bxd4 15. Bb4 Rd8 16. Qc1 e5 17. Be7 Re8 18. Qh6 Qe6 19. Bg4 Qc6 20. Rc7
Qb6 21. Bg5 Rf8 22. Rfc1 Na6 23. R7c6 Bxf2+ 24. Kh1 1-0

[Event "II MAGISTRAL VERANO ABC_COLOR 2014"]
[Site "Asuncion"]
[Date "2014.02.01"]
[Round "9"]
[White "Peralta, Eduardo"]
[Black "Almiron, Antonio"]
[Result "1/2-1/2"]
[WhiteElo "2212"]
[BlackElo "2221"]
[PlyCount "24"]
[EventDate "2014.01.25"]
[EventRounds "9"]
[EventCountry "PAR"]

1. d4 Nf6 2. Nf3 g6 3. c4 Bg7 4. Nc3 d5 5. cxd5 Nxd5 6. e4 Nxc3 7. bxc3 c5 8.
Be2 O-O 9. Rb1 cxd4 10. cxd4 Nc6 11. d5 Na5 12. O-O b6 1/2-1/2

[Event "II MAGISTRAL VERANO ABC_COLOR 2014"]
[Site "Asuncion"]
[Date "2014.02.01"]
[Round "9"]
[White "Kropff, Ricardo"]
[Black "Jimenez, Joaquin"]
[Result "1/2-1/2"]
[WhiteElo "2218"]
[BlackElo "2190"]
[PlyCount "25"]
[EventDate "2014.01.25"]
[EventRounds "9"]
[EventCountry "PAR"]

1. d4 d5 2. Nf3 Nf6 3. c4 e6 4. e3 c6 5. Nc3 Nbd7 6. Qc2 h6 7. b3 Bd6 8. Be2
O-O 9. O-O b6 10. Bb2 a6 11. a4 Bb7 12. Rfd1 Rc8 13. Rac1 1/2-1/2